000 00541nam a2200145Ia 4500
008 140724s9999 xx 000 0 und d
050 _aQA 76.9.S88
_b.C352 2006
100 _aCastillo, Jennifer Marie L.
245 _aAutomated billing and information system for Antonio Cecilia Lobo Castillo (ACLC) /
_cJennifer Marie L. Castillo.
260 _aLas PiƱas, Philippines :
_bSouthville International School and Colleges,
_cc2006.
300 _a117 p. ;
_bill. ;
_c28 cm.
521 _aInformation Technology
942 _cTH
999 _c229221
_d229221